000 00434cam a2200157ua 4500
041 _aeng
_h
082 _a540.0162
_bBAL/EN
100 _aBalasubrahmanian, M R .
245 _aEngineering chemistry: A text book /
_cM R Balasubrahmanian.
_hTextual Documents
260 _aMumbai :
_bAllied Publishers Pvt Ltd ,
_c1997.
300 _a538 ; .
504 _a
700 1 _aKrishnamoorthy, S .
942 _cBK
999 _c10354
_d10354